000
00285nam a22001337a 4500
008
190305b xxu||||| |||| 00| 0 eng d
020
_a
0029253608
041
_a
eng
080
_a
338
100
_a
52
101
_a
MNG
245
_a
Competitive Strategies
_c
Porter
942
_2
udc
_c
BK
999
_c
54531
_d
54531